La formación de la sociedad y el origen del Estado: ensayos sobre el pensamiento político español del siglo de oro
Uloženo v:
| Hlavní autor: | |
|---|---|
| Médium: | Kniha |
| Jazyk: | španělština |
| Vydáno: |
Madrid
Centro de Estudios Constitucionales
1997
|
| Edice: | Colección Estudios Políticos
|
| Témata: | |
| Tagy: |
Přidat tag
Žádné tagy, Buďte první, kdo vytvoří štítek k tomuto záznamu!
|
MARC
| LEADER | 00000cam a2200000 a 4500 | ||
|---|---|---|---|
| 001 | UCQ4065 | ||
| 003 | CL-VaPUC | ||
| 008 | 980829e19970000SP |||||||||||||||||spa|d | ||
| 082 | 0 | 4 | |a 320.1 |b FER |2 21 |
| 100 | 0 | |a Fernández Santamaría, J. A |e author |9 418301 | |
| 245 | 1 | 3 | |a La formación de la sociedad y el origen del Estado: ensayos sobre el pensamiento político español del siglo de oro |
| 300 | |a 262 p | ||
| 942 | |c BK | ||
| 945 | |d 19980829 00:00:00 |a mvenant | ||
| 260 | |a Madrid |b Centro de Estudios Constitucionales |c 1997 | ||
| 650 | 7 | |a FILOSOFIA POLITICA |2 CL-VaPUC |9 418302 | |
| 650 | 7 | |a HISTORIA POLITICA SIGLOS 16-17 |2 CL-VaPUC |9 418303 | |
| 650 | 7 | |a ESTRUCTURA SOCIAL |2 CL-VaPUC |9 418304 | |
| 583 | |a last modification |c 20160913 03:40:35 |k Rodrigo Vera | ||
| 490 | 0 | |a Colección Estudios Políticos | |
| 999 | |c 274549 |d 274547 | ||
| 952 | |0 0 |1 0 |4 0 |6 320_100000000000000_FER_1997 |7 0 |8 DER_TF |9 310756 |a BIBDER |b BIBDER |d 2019-11-20 |i 3456358 |o 320.1 FER 1997 |p 3456358 |r 2023-01-25 |w 2019-11-20 |x Ubicación 4to Piso |y BK |z Estos recursos deben solicitarse con anticipación |k DER | ||
| 952 | |0 0 |1 0 |3 erb |4 0 |6 320_100000000000000_FER_1997 |7 0 |8 A |9 310757 |a FDOHBE |b FDOHBE |e Huesbe Llanos, Marco Antonio, 1934- |i 5304105 |o 320.1 FER 1997 |p 5304105 |r 2024-01-30 |w 2019-11-20 |y BK |z Catalogado en:20160520 |k HBE | ||